000 00604nam a2200181Ia 4500
003 GCL
008 140319s9999 xx 000 0 ara d
040 _aGCL /
_cGCL
082 0 4 _a813.009
_bن ن
100 1 _aنبيلة ابراهيم
245 1 0 _aنقد الرواية: من وجهة نظر الدراسات اللغوية الحديثة /
_cنبيلة ابراهيم
490 _aكتاب
_v0
650 0 4 _aاللغة العربية
650 0 4 _aالقصة العربية
650 0 4 _aالقصة تاريخ ونقد
650 0 4 _aاللغة العربية - الالفاظ
942 _2ddc
_cBK
999 _c42145
_d42145